Nedovolené obmedzovanie hospodárskej súťaže bakalárska práca

Salvato in:
Dettagli Bibliografici
Autore principale: Bakanová, Stanislava
Ente Autore: Obchodná fakulta EU. Katedra obchodného práva
Altri autori: Holub, Dušan
Natura: Libro
Lingua:slovacco
Pubblicazione: Bratislava 2009
Tags: Aggiungi Tag
Nessun Tag, puoi essere il primo ad aggiungerne!!

MARC

LEADER 00000nam$a2200000$$$4500
001 0096910
005 20240320075220.8
041 0 |a slo 
044 |a SK 
245 1 0 |a Nedovolené obmedzovanie hospodárskej súťaže  |b bakalárska práca  |c Stanislava Bakanová ; škol. Dušan Holub 
264 1 |a Bratislava  |c 2009 
300 |a 55 s. 
100 1 |a Bakanová, Stanislava 
700 1 |a Holub, Dušan 
710 2 |a Obchodná fakulta EU. Katedra obchodného práva